Štát a verejný sektor v období transformácie
Špecifické úlohy štátu v transformačnom období. Privatizácia vo verejnom sektore. Okruhy decentralizácie. Hlavné princípy fiskálneho federalizmu. Základné úlohy tranzitívneho štátu.
Gespeichert in:
| 1. Verfasser: | |
|---|---|
| Format: | Buchkapitel |
| Sprache: | Slowakisch |
| Schlagworte: | |
| Tags: |
Keine Tags, Fügen Sie das erste Tag hinzu!
|
MARC
| LEADER | 00000naa a2200000 4500 | ||
|---|---|---|---|
| 001 | r034091 | ||
| 005 | 20230825081833.1 | ||
| 041 | 0 | |a slo | |
| 044 | |a SK | ||
| 245 | 1 | 0 | |a Štát a verejný sektor v období transformácie |c Juraj Nemec |
| 520 | |a Špecifické úlohy štátu v transformačnom období. Privatizácia vo verejnom sektore. Okruhy decentralizácie. Hlavné princípy fiskálneho federalizmu. Základné úlohy tranzitívneho štátu. | ||
| 610 | 2 | 0 | |a sektor verejný |
| 610 | 2 | 0 | |a transformácia |
| 610 | 2 | 0 | |a štát |
| 610 | 2 | 0 | |a privatizácia |
| 610 | 2 | 0 | |a decentralizácia |
| 610 | 2 | 0 | |a Slovensko |
| 100 | 1 | |a Nemec, Juraj | |